Responses for show #3854 - Thursday, May 10, 2001

2001 Teen Tournament final game 1.
From the Pennsylvania Convention Center in Philadelphia.

Contestants

Colleen Mahoney, a sophomore from East Hampton, Connecticut

Graham Gilmer, a senior from Lynchburg, Virginia

Andy Siegler, a senior from Cinnaminson, New Jersey

Jeopardy! Round responses

1801-1810
SPORTS MOVIES
GADGETS
YOU'RE THE MAN NOW, DOG!
STATE TREES
DIXIE CHICKS
    $100 1
Noah Webster

Graham
    $100 6
Space Jam

Graham
    $100 11
mp3

Graham
    $100 26
bloodhound

Andy
    $100 14
fir

Graham
    $100 21
Kim Basinger

Graham
    $200 2
Bismarck

Graham
    $200 7
Madonna

Andy
    $200 12
Palm

Graham
    $200 27
lapdog

Graham
    $200 15
maple

Colleen
    $200 22
Faith Hill

Graham
    $300 3
light

Andy
    $300 8
soccer

Andy
    $300 13
Polaroid

Colleen
    $300 28
pointer

Graham
    $300 16
holly

Colleen
    $300 23
Tipper Gore

Andy
    $400 4
(Colleen: What is Liberia?)
(Andy: What is Madagascar?)

Haiti

AndyColleen
Triple Stumper
    $500 9
The Mighty Ducks

Andy
    $400 19
Tivo

Triple Stumper
    $400 29
toy poodle

Colleen
    $400 17
pecan

Graham
    $400 24
(Alex: With a minute to go.)

Janet Reno

Colleen
    $500 5
Aaron Burr

Triple Stumper
    $500 10
Air Bud

Andy
    $500 20
(Andy: What is a wireless modem?)

Airport

Andy
Triple Stumper
    $500 30
(Colleen: What is a terrier?)

spaniel

Colleen
Triple Stumper
    $500 18
South Carolina

Graham
    $500 25
Helen Keller

Andy

Scores at the first commercial break (after clue 15):

Andy Graham Colleen
$1,400 $800 $100

Scores at the end of the Jeopardy! Round:

Andy Graham Colleen
$1,800 $2,500 $700

Double Jeopardy! Round responses

WORLD GEOGRAPHY
MUSIC OLDER THAN YOU
(Alex: Older than our contestants, of course!)
TEENS IN LITERATURE
TV NETWORKS
DISSECTING MR. FROGGIE
IN THE DICTIONARY
    $200 2
Cairo

Graham
    $200 1
The Rolling Stones

Graham
    $200 12
"War and Peace"

Graham
    $200 11
radio

Colleen
    $200 19
Blood

Graham
    $200 22
pain/pane

Colleen
    $400 3
Algiers

Andy
    $400 4
The Beach Boys

Colleen
    $400 17
Oklahoma

Graham
    $400 13
PBS

Andy
    $400 20
optic nerve

Graham
    $400 23
mortarboard

Andy
    $600 6
(Colleen: What is Vesuvius?)
(Alex: Vesuvius is on the mainland.)

Mount Etna

GrahamColleen
    $600 5
Aerosmith

Graham
    $600 18
speak

Triple Stumper
    $600 14
ABC

Graham
    $600 21
vocal

Colleen
    $600 24
(Alex: With a minute to go.)

Rx

Andy
    $800 7
Alberta

Graham
    $800 9
The Doors

Graham
    $800 29
(Graham: [no response])

a Wallflower

GrahamColleen
    $800 15
UPN (United Paramount Network)

Andy
    $800 30
esophagus

Graham
    $800 26
swatch

Andy
    $1000 8
St. Helena

Andy
    $1000 10
Ritchie Valens

Graham
    $1,200 28
(Andy: What is the "Crazy Sword Dance?")

"The Hunchback of Notre Dame"

Andy
    $2,400 16
Fox

Andy
    $1000 27
ventricle

Andy
    $1000 25
helio

Graham

Scores at the end of the Double Jeopardy! Round:

Andy Graham Colleen
$8,400 $9,500 $2,300

Final Jeopardy! Round responses

POLITICAL PARTIES
(Alex: The party of Zachary Taylor & Millard Fillmore.)
ColleenWhat is Federalist?
$2,300
AndyWhat is the Democratic Party??
$3,600
GrahamWhat is the Whig Party?
$2,500
the Whig Party

Final scores:

Andy Graham Colleen
$4,800 $12,000 $0

Game dynamics:

Coryat scores:

Andy Graham Colleen
$8,100 $9,500 $2,300
17 R
(including 2 DDs),
3 W
(including 1 DD)
26 R,
1 W
10 R,
3 W

Combined Coryat: $19,900

The J! Archive is created by fans, for fans. The Jeopardy! game show and all elements thereof, including but not limited to copyright and trademark thereto, are the property of Jeopardy Productions, Inc. and are protected under law. This website is not affiliated with, sponsored by, or operated by Jeopardy Productions, Inc. Join the discussion at JBoard.tv.